000 00450nam a2200181Ia 4500
003 GCL
008 140319s9999 xx 000 0 eng d
040 _aGCL /
_cGCL
082 0 4 _a302.23
_bB T
100 1 _aBRANSTON, GILL
245 1 0 _aTHE MEDIA STUDENTS, BOOK /
_cBRANSTON, GILL
700 1 _aSTAFFORD, ROY
260 _a[S.N] :
_bROUTLEDGE ،
_c1996
300 _a394 P
650 0 4 _aMASS MEDIA
650 0 4 _aCOMMUNICATION
942 _2ddc
_cBK
999 _c13021
_d13021